[Event "GER-ch U25 op"]
[Site "Willingen"]
[Date "2008.05.13"]
[Round "4"]
[White "Kilic, Ahmet"]
[Black "Reiser, Marck"]
[Result "0-1"]
[WhiteElo "1171"]
[BlackElo "1294"]
[PlyCount "70"]
[EventDate "2008.05.11"]
[EventType "swiss"]
[EventRounds "9"]
[EventCountry "GER"]
[SourceTitle "CBM 124 Extra"]
[Source "ChessBase"]
[SourceDate "2008.07.03"]
[SourceVersion "1"]
[SourceVersionDate "2008.07.03"]
[SourceQuality "1"]

1. e4 e5 2. Nf3 Nc6 3. Bc4 Bc5 4. Nc3 d6 5. b3 Bg4 6. Bb2 Nf6 7. Rg1 a6 8. Be2 Qd7 9. d3 Bb4 10. Qd2 d5 11. 0-0-0 d4 12. Qg5 dxc3 13. Ba1 Rg8 14. Qe3 Bxf3 15. Bxf3 Qd4 16. Qe2 0-0-0 17. Rge1 g5 18. g3 g4 19. Bg2 Qd6 20. f3 Nd4 21. Rf1 Nxe2+ 22. Kb1 Nd4 23. f4 exf4 24. Rxf4 Rg6 25. Re1 Qd7 26. Ref1 Qe7 27. h4 h5 28. e5 Qxe5 29. Be4 Nxe4 30. Rxe4 Qxg3 31. Kc1 Qg2 32. Kd1 Qxf1+ 33. Re1 Qf3+ 34. Kc1 Qf2 35. Kd1 Qxc2# 0-1

[Event "GER-ch U25 op"]
[Site "Willingen"]
[Date "2008.05.12"]
[Round "3"]
[White "Haase, Sebastian"]
[Black "Reiser, Marck"]
[Result "1-0"]
[WhiteElo "1627"]
[BlackElo "1294"]
[PlyCount "123"]
[EventDate "2008.05.11"]
[EventType "swiss"]
[EventRounds "9"]
[EventCountry "GER"]
[SourceTitle "CBM 124 Extra"]
[Source "ChessBase"]
[SourceDate "2008.07.03"]
[SourceVersion "1"]
[SourceVersionDate "2008.07.03"]
[SourceQuality "1"]

1. d4 d5 2. c4 e6 3. Nc3 Nf6 4. Bf4 Bd6 5. Bxd6 Qxd6 6. c5 Qe7 7. Nf3 Nbd7 8. b4 c6 9. e3 e5 10. Be2 e4 11. Nd2 0-0 12. a4 Ne8 13. b5 f5 14. Qb3 Kh8 15. Kd1 f4 16. Kc2 Qg5 17. exf4 Rxf4 18. g3 Rxf2 19. Raf1 Rxf1 20. Rxf1 Nef6 21. Nd1 Nf8 22. Ne3 Ne6 23. Qc3 Bd7 24. Nf5 Ng4 25. h4 Qg6 26. Ne7 Qe8 27. Nxd5 cxd5 28. Bxg4 Qg6 29. Bf5 Qe8 30. Qe3 Qe7 31. Rf2 Rf8 32. Bxe6 Bxe6 33. Rf4 Bd7 34. Rxf8+ Qxf8 35. Nb1 Qf6 36. Nc3 Qf7 37. Qf4 Qxf4 38. gxf4 Be6 39. b6 a6 40. c6 Bc8 41. c7 Kg8 42. Nxd5 Kf7 43. Nc3 Bf5 44. Kd2 Ke7 45. Nxe4 g6 46. d5 h5 47. d6+ Kd7 48. Nc5+ Kxd6 49. Nb3 Kd5 50. Kc3 Bg4 51. Nd4 Bc8 52. a5 Ke4 53. Kc4 Kxf4 54. Kd5 Kg4 55. Nc6 Kxh4 56. Ne7 Bg4 57. Nxg6+ Kg3 58. Kd6 Bf5 59. Ke7 Kg4 60. Ne5+ Kg5 61. Nd7 h4 62. c8Q 1-0